[Event "Nova Gorica op-B 14th"]
[Site "Nova Gorica"]
[Date "2009.02.07"]
[Round "9"]
[White "Asanin, Svarun"]
[Black "Cerne, Nicole Yvett"]
[Result "0-1"]
[WhiteElo "1500"]
[BlackElo "1598"]
[PlyCount "34"]
[EventDate "2009.01.31"]
[EventType "swiss"]
[EventRounds "9"]
[EventCountry "SLO"]
[SourceTitle "EXT 2011"]
[Source "ChessBase"]
[SourceDate "2010.11.26"]
[SourceVersion "1"]
[SourceVersionDate "2010.11.26"]
[SourceQuality "1"]

1. e4 d5 2. exd5 Qxd5 3. Nc3 Qa5 4. Nf3 Nf6 5. d4 Bf5 6. Bd3 Bg4 7. Bf4 e6 8. h3 Bh5 9. Qe2 Nbd7 10. 0-0-0 Bb4 11. Bd2 Bxc3 12. Bxc3 Qxa2 13. Kd2 Qd5 14. Bc4 Bxf3 15. gxf3 Qg5+ 16. Kd3 0-0-0 17. Rhg1 Nc5# 0-1

[Event "Nova Gorica op-B 14th"]
[Site "Nova Gorica"]
[Date "2009.02.06"]
[Round "8"]
[White "Sambo, Pietro"]
[Black "Cerne, Nicole Yvett"]
[Result "1-0"]
[WhiteElo "1631"]
[BlackElo "1598"]
[PlyCount "43"]
[EventDate "2009.01.31"]
[EventType "swiss"]
[EventRounds "9"]
[EventCountry "SLO"]
[SourceTitle "EXT 2011"]
[Source "ChessBase"]
[SourceDate "2010.11.26"]
[SourceVersion "1"]
[SourceVersionDate "2010.11.26"]
[SourceQuality "1"]

1. e4 d5 2. exd5 Qxd5 3. Nc3 Qa5 4. Nf3 Nf6 5. d4 Bf5 6. Bd2 c6 7. Bc4 e6 8. a3 Qc7 9. 0-0 Bd6 10. Ne2 Ne4 11. Ng3 Nxg3 12. fxg3 h6 13. Nh4 Bh7 14. c3 Nd7 15. Qe2 0-0 16. Rae1 Nf6 17. Bxh6 gxh6 18. Rxf6 Kg7 19. Ref1 Qe7 20. Qg4+ Kh8 21. Qh5 Bc5 22. Rxh6 1-0

[Event "Nova Gorica op-B 14th"]
[Site "Nova Gorica"]
[Date "2009.02.02"]
[Round "4"]
[White "Pecchiari, Alberto"]
[Black "Cerne, Nicole Yvett"]
[Result "0-1"]
[WhiteElo "1419"]
[BlackElo "1598"]
[PlyCount "82"]
[EventDate "2009.01.31"]
[EventType "swiss"]
[EventRounds "9"]
[EventCountry "SLO"]
[SourceTitle "EXT 2011"]
[Source "ChessBase"]
[SourceDate "2010.11.26"]
[SourceVersion "1"]
[SourceVersionDate "2010.11.26"]
[SourceQuality "1"]

1. e4 d5 2. exd5 Qxd5 3. Nc3 Qa5 4. d4 Nf6 5. Nf3 Bf5 6. Bc4 e6 7. Bd2 c6 8. Qe2 Nbd7 9. 0-0-0 Bb4 10. a3 Bxc3 11. Bxc3 Qc7 12. Ne5 Nxe5 13. dxe5 Nd7 14. g4 Bg6 15. f4 h5 16. h3 0-0-0 17. Rhf1 hxg4 18. hxg4 Nc5 19. Bd4 Ne4 20. Rf3 c5 21. Bc3 Rxd1+ 22. Qxd1 Nxc3 23. Rxc3 Be4 24. Qe2 Rh1+ 25. Kd2 Qc6 26. Re3 Bd5 27. Kc3 Bxc4 28. Qxc4 Rd1 29. Rd3 b5 30. Qa2 Rxd3+ 31. Kxd3 Qf3+ 32. Kd2 Qxf4+ 33. Kd3 c4+ 34. Kc3 Qxe5+ 35. Kb4 a6 36. Qb1 Kc7 37. Qc1 Qd6+ 38. Kc3 Qg3+ 39. Kb4 Qxg4 40. Ka5 Qd4 41. Kb4 Kb6 0-1

[Event "Nova Gorica op-B 14th"]
[Site "Nova Gorica"]
[Date "2009.01.31"]
[Round "2"]
[White "Cerne, Nicole Yvett"]
[Black "Bjelovuk, Marko"]
[Result "1-0"]
[WhiteElo "1598"]
[BlackElo "1500"]
[PlyCount "63"]
[EventDate "2009.01.31"]
[EventType "swiss"]
[EventRounds "9"]
[EventCountry "SLO"]
[SourceTitle "EXT 2011"]
[Source "ChessBase"]
[SourceDate "2010.11.26"]
[SourceVersion "1"]
[SourceVersionDate "2010.11.26"]
[SourceQuality "1"]

1. e4 e5 2. Nf3 Nc6 3. d4 d5 4. Nc3 Be6 5. Bb5 a6 6. Ba4 Bb4 7. Bxc6+ bxc6 8. Nxe5 dxe4 9. Nxc6 Bxc3+ 10. bxc3 Qd6 11. Ne5 f6 12. Qh5+ g6 13. Nxg6 Bg4 14. Qxg4 hxg6 15. Qxg6+ Kd8 16. Qxe4 Rb8 17. Bf4 Qe7 18. Qxe7+ Kxe7 19. Bxc7 Rb2 20. Kd2 Nh6 21. Rhe1+ Kd7 22. Bg3 Nf5 23. Re2 Nxg3 24. hxg3 Rh2 25. Rae1 Rh7 26. Re6 Rxa2 27. Rxf6 a5 28. Ra6 Kc7 29. Ra7+ Kb6 30. Rxh7 a4 31. Re6+ Ka5 32. Rh5# 1-0

[Event "Nova Gorica op-B 14th"]
[Site "Nova Gorica"]
[Date "2009.01.31"]
[Round "1"]
[White "Forlano, Luigi"]
[Black "Cerne, Nicole Yvett"]
[Result "1-0"]
[WhiteElo "1999"]
[BlackElo "1598"]
[PlyCount "47"]
[EventDate "2009.01.31"]
[EventType "swiss"]
[EventRounds "9"]
[EventCountry "SLO"]
[SourceTitle "EXT 2011"]
[Source "ChessBase"]
[SourceDate "2010.11.26"]
[SourceVersion "1"]
[SourceVersionDate "2010.11.26"]
[SourceQuality "1"]

1. e4 d5 2. exd5 Qxd5 3. Nc3 Qa5 4. d4 Nf6 5. Bc4 Bf5 6. Bd2 c6 7. Nf3 e6 8. d5 cxd5 9. Nxd5 Qd8 10. Nxf6+ gxf6 11. Qe2 Bxc2 12. Rc1 Ba4 13. Bxe6 Bc6 14. Bb3+ Qe7 15. Be3 Nd7 16. Nd4 Ne5 17. 0-0 Rg8 18. Nxc6 Nxc6 19. Qf3 Ne5 20. Ba4+ Nd7 21. Qxb7 Rd8 22. Bxa7 Qd6 23. Rfe1+ Be7 24. Bc5 1-0

[Event "Nova Gorica op-B 13th"]
[Site "Nova Gorica"]
[Date "2008.01.29"]
[Round "6"]
[White "Di Lazzaro, Gabriele"]
[Black "Cerne, Nicole Yvett"]
[Result "1-0"]
[WhiteElo "1910"]
[BlackElo "1559"]
[PlyCount "85"]
[EventDate "2008.01.26"]
[EventType "swiss"]
[EventRounds "9"]
[EventCountry "SLO"]
[SourceTitle "EXT 2010"]
[Source "ChessBase"]
[SourceDate "2010.11.25"]
[SourceVersion "1"]
[SourceVersionDate "2010.11.25"]
[SourceQuality "1"]

1. e4 d5 2. exd5 Qxd5 3. Nc3 Qa5 4. d4 Nf6 5. Nf3 Bf5 6. Ne5 c6 7. g4 Be4 8. Nc4 Qd8 9. Nxe4 Nxe4 10. Bg2 Nd6 11. Ne5 Nd7 12. Qe2 e6 13. Bd2 Qc7 14. Bf4 0-0-0 15. Nxf7 e5 16. Nxd8 exf4 17. Ne6 Qa5+ 18. Qd2 Qxd2+ 19. Kxd2 Nc4+ 20. Kc3 b5 21. Nxf8 Rxf8 22. Bxc6 a6 23. Bxd7+ Kxd7 24. b3 Nd6 25. f3 Re8 26. Rhe1 Rc8+ 27. Kd2 b4 28. a3 a5 29. axb4 axb4 30. Ra7+ Kd8 31. Ree7 Rc3 32. Rad7+ Kc8 33. Rxd6 Rxf3 34. Rxg7 Rf2+ 35. Kd3 Rf3+ 36. Ke4 Re3+ 37. Kxf4 Re8 38. Rxh7 Rf8+ 39. Ke5 Re8+ 40. Kd5 Rd8 41. Rxd8+ Kxd8 42. Kd6 Ke8 43. Rh8+ 1-0

[Event "Nova Gorica op-B 13th"]
[Site "Nova Gorica"]
[Date "2008.01.28"]
[Round "5"]
[White "Cerne, Nicole Yvett"]
[Black "Portelli, Severino"]
[Result "1/2-1/2"]
[WhiteElo "1559"]
[BlackElo "1856"]
[PlyCount "62"]
[EventDate "2008.01.26"]
[EventType "swiss"]
[EventRounds "9"]
[EventCountry "SLO"]
[SourceTitle "EXT 2010"]
[Source "ChessBase"]
[SourceDate "2010.11.25"]
[SourceVersion "1"]
[SourceVersionDate "2010.11.25"]
[SourceQuality "1"]

1. e4 e5 2. Nf3 Nc6 3. d4 exd4 4. Bc4 d6 5. Ng5 Ne5 6. Qxd4 Qf6 7. Nc3 c6 8. f4 Nxc4 9. Qxc4 h6 10. Nf3 Qg6 11. g3 Be7 12. Be3 Bg4 13. Rf1 Qh5 14. Qe2 Nf6 15. 0-0-0 0-0 16. f5 Bh3 17. Rg1 Bg4 18. Rgf1 Bh3 19. Rg1 Ng4 20. Bf4 Rad8 21. Rge1 Rfe8 22. Ng1 g5 23. fxg6 fxg6 24. Nxh3 Qxh3 25. Qc4+ Kg7 26. Qe2 Ne5 27. Bxe5+ dxe5 28. Rxd8 Rxd8 29. Rd1 Rxd1+ 30. Nxd1 Bg5+ 31. Kb1 Qd7 1/2-1/2

[Event "Nova Gorica op-B 13th"]
[Site "Nova Gorica"]
[Date "2008.01.26"]
[Round "2"]
[White "Cerne, Nicole Yvett"]
[Black "Omerzel, Nikola"]
[Result "0-1"]
[WhiteElo "1559"]
[BlackElo "1743"]
[PlyCount "118"]
[EventDate "2008.01.26"]
[EventType "swiss"]
[EventRounds "9"]
[EventCountry "SLO"]
[SourceTitle "EXT 2010"]
[Source "ChessBase"]
[SourceDate "2010.11.25"]
[SourceVersion "1"]
[SourceVersionDate "2010.11.25"]
[SourceQuality "1"]

1. e4 e5 2. Nf3 Nc6 3. d4 exd4 4. Bc4 Be7 5. c3 d6 6. cxd4 Nf6 7. Nc3 0-0 8. Be3 b6 9. 0-0 Bg4 10. Be2 a6 11. h3 Bh5 12. Nh2 Bg6 13. Bf3 Qd7 14. e5 dxe5 15. dxe5 Nxe5 16. Bxa8 Rxa8 17. Qxd7 Nfxd7 18. b3 Bd3 19. Rfe1 Bb4 20. Rac1 Ba3 21. Rcd1 Bb4 22. Bd4 f6 23. f4 Nc6 24. Rxd3 Nxd4 25. Red1 Bxc3 26. Kf2 Nc5 27. Rxd4 Bxd4+ 28. Rxd4 a5 29. Nf1 Kf7 30. Ne3 g6 31. g4 Re8 32. Kf3 Re7 33. h4 Na6 34. f5 Nb4 35. Rd2 Nc6 36. Kf4 g5+ 37. hxg5 fxg5+ 38. Kf3 Ne5+ 39. Kf2 Rd7 40. Rxd7+ Nxd7 41. Kf3 c6 42. Ke4 Kf6 43. Nc2 Ne5 44. Ne3 Nd7 45. Nc2 Nc5+ 46. Kd4 Na6 47. Ke4 Nb4 48. Nxb4 axb4 49. Kd4 h6 50. Kc4 c5 51. Kd5 h5 52. gxh5 Kxf5 53. Kc4 g4 54. Kd3 Kg5 55. h6 Kxh6 56. Ke2 Kg5 57. Kf1 g3 58. Kg1 Kf4 59. Kg2 Kg4 0-1

[Event "SLO-ch U14 Girls"]
[Site "Murska Sobota"]
[Date "2007.03.01"]
[Round "7"]
[White "Cerne, Nicole Yvett"]
[Black "Jus, Katja"]
[Result "0-1"]
[WhiteElo "1500"]
[BlackElo "1749"]
[PlyCount "44"]
[EventDate "2007.02.25"]
[EventType "swiss"]
[EventRounds "9"]
[EventCountry "SLO"]
[SourceTitle "CBM 117 Extra"]
[Source "ChessBase"]
[SourceDate "2007.05.09"]
[SourceVersion "1"]
[SourceVersionDate "2007.05.09"]
[SourceQuality "1"]

1. e4 e5 2. Nf3 Nc6 3. Bc4 Bc5 4. d3 h6 5. 0-0 Nf6 6. h3 d6 7. Nc3 0-0 8. Be3 Bb6 9. Qd2 Be6 10. Nd5 Bxd5 11. Bxd5 Nxd5 12. exd5 Bxe3 13. fxe3 Ne7 14. e4 f5 15. exf5 Nxf5 16. Rf2 Qd7 17. Re1 Rae8 18. Nh2 Qb5 19. c4 Qb6 20. Nf3 Rf7 21. d4 e4 22. g4 e3 0-1

[Event "SLO-ch U14 Girls"]
[Site "Murska Sobota"]
[Date "2007.03.01"]
[Round "8"]
[White "Cerne, Nicole Yvett"]
[Black "Vombek, Sara"]
[Result "0-1"]
[WhiteElo "1500"]
[BlackElo "1864"]
[PlyCount "70"]
[EventDate "2007.02.25"]
[EventType "swiss"]
[EventRounds "9"]
[EventCountry "SLO"]
[SourceTitle "CBM 117 Extra"]
[Source "ChessBase"]
[SourceDate "2007.05.09"]
[SourceVersion "1"]
[SourceVersionDate "2007.05.09"]
[SourceQuality "1"]

1. e4 c5 2. Nf3 d6 3. d4 cxd4 4. Nxd4 Nf6 5. Nc3 a6 6. h3 e5 7. Nf3 Qc7 8. Bd3 Be7 9. Be3 0-0 10. 0-0 b5 11. a3 Bb7 12. Re1 Nbd7 13. b4 Qxc3 14. Qd2 Qxd2 15. Nxd2 d5 16. exd5 Nxd5 17. Be4 f5 18. Bxd5+ Bxd5 19. Bf4 Bf6 20. Bh2 Rac8 21. c4 Bxc4 22. Nxc4 bxc4 23. Rad1 Rfd8 24. Re2 c3 25. Rc2 Nb6 26. Rxd8+ Rxd8 27. g3 e4 28. Rc1 Rd2 29. Kf1 c2 30. Ke1 Nc4 31. g4 Bb2 32. Bf4 Bxc1 33. Bxd2 Bxd2+ 34. Ke2 c1Q 35. gxf5 Qe1# 0-1

[Event "SLO-ch U14 Girls"]
[Site "Murska Sobota"]
[Date "2007.02.28"]
[Round "6"]
[White "Gornik, Janja"]
[Black "Cerne, Nicole Yvett"]
[Result "0-1"]
[WhiteElo "1533"]
[BlackElo "1500"]
[PlyCount "46"]
[EventDate "2007.02.25"]
[EventType "swiss"]
[EventRounds "9"]
[EventCountry "SLO"]
[SourceTitle "CBM 117 Extra"]
[Source "ChessBase"]
[SourceDate "2007.05.09"]
[SourceVersion "1"]
[SourceVersionDate "2007.05.09"]
[SourceQuality "1"]

1. e4 d5 2. exd5 Qxd5 3. Nc3 Qa5 4. d4 Nf6 5. Nf3 Bf5 6. Bc4 e6 7. a3 c6 8. Bf4 Ne4 9. Bd2 Nxc3 10. Bxc3 Qc7 11. 0-0 Bd6 12. Qd2 Bf4 13. Qe2 Bg4 14. h3 Bh5 15. Qd3 Bg6 16. Qe2 Nd7 17. Ne5 0-0-0 18. Nxg6 hxg6 19. Qf3 g5 20. b4 f5 21. Bxe6 g4 22. hxg4 Bh2+ 23. Kh1 Bg1+ 0-1

[Event "SLO-ch U14 Girls"]
[Site "Murska Sobota"]
[Date "2007.02.27"]
[Round "4"]
[White "Cerne, Nicole Yvett"]
[Black "Cankar, Neza"]
[Result "0-1"]
[WhiteElo "1500"]
[BlackElo "1500"]
[PlyCount "62"]
[EventDate "2007.02.25"]
[EventType "swiss"]
[EventRounds "9"]
[EventCountry "SLO"]
[SourceTitle "CBM 117 Extra"]
[Source "ChessBase"]
[SourceDate "2007.05.09"]
[SourceVersion "1"]
[SourceVersionDate "2007.05.09"]
[SourceQuality "1"]

1. e4 e5 2. Nf3 Nc6 3. Bc4 Bc5 4. d3 h6 5. Nc3 Nf6 6. 0-0 0-0 7. Be3 Bb6 8. Qe2 d6 9. h3 Be6 10. Bb3 Qd7 11. Rad1 Nd4 12. Bxd4 Bxd4 13. Nxd4 exd4 14. Na4 b5 15. e5 dxe5 16. Nc5 Qd6 17. Nxe6 fxe6 18. Rde1 Nd7 19. Qg4 Rf6 20. Re2 Raf8 21. Rfe1 Rf5 22. f4 Qe7 23. fxe5 c5 24. a3 Qf7 25. Kh2 Qe7 26. Qg6 Kh8 27. Bxe6 Rg5 28. Qe4 Qxe6 29. Qb7 Rxe5 30. Rxe5 Nxe5 31. Qc7 Nf3+ 0-1

[Event "SLO-ch U14 Girls"]
[Site "Murska Sobota"]
[Date "2007.02.27"]
[Round "5"]
[White "Hervolj, Manca"]
[Black "Cerne, Nicole Yvett"]
[Result "0-1"]
[WhiteElo "1500"]
[BlackElo "1500"]
[PlyCount "84"]
[EventDate "2007.02.25"]
[EventType "swiss"]
[EventRounds "9"]
[EventCountry "SLO"]
[SourceTitle "CBM 117 Extra"]
[Source "ChessBase"]
[SourceDate "2007.05.09"]
[SourceVersion "1"]
[SourceVersionDate "2007.05.09"]
[SourceQuality "1"]

1. e4 d5 2. Nc3 d4 3. Nd5 e5 4. a3 c6 5. Nb4 Nf6 6. d3 Be6 7. Be2 Nbd7 8. Nf3 h6 9. h3 Qb6 10. Na2 0-0-0 11. 0-0 Rg8 12. Nh2 g5 13. Ng4 Rg6 14. b3 Be7 15. a4 Rdg8 16. Bf3 h5 17. Nxf6 Nxf6 18. Be2 g4 19. h4 g3 20. Bg5 gxf2+ 21. Rxf2 Ng4 22. Bxg4 Bxg4 23. Qd2 Bxg5 24. hxg5 Rxg5 25. Kh2 h4 26. Rg1 Qd8 27. Rxf7 Qe8 28. Rf2 Qe6 29. Rgf1 R5g7 30. Rf8+ Rxf8 31. Rxf8+ Kd7 32. Rf2 Qg6 33. Nc1 Bh3 34. Na2 Qg3+ 35. Kh1 Be6 36. Rf3 Qg4 37. Rh3 Qh5 38. Rh2 h3 39. gxh3 Qf3+ 40. Qg2 Rxg2 41. Rxg2 Bxh3 42. Kg1 Qxg2# 0-1

[Event "Nova Gorica op-B 12th"]
[Site "Nova Gorica"]
[Date "2007.01.31"]
[Round "9"]
[White "Muradore, Aldo"]
[Black "Cerne, Nicole Yvett"]
[Result "0-1"]
[WhiteElo "1500"]
[BlackElo "1500"]
[PlyCount "53"]
[EventDate "2007.01.26"]
[EventType "swiss"]
[EventRounds "9"]
[EventCountry "SLO"]
[SourceTitle "CBM 116 Extra"]
[Source "ChessBase"]
[SourceDate "2007.03.07"]
[SourceVersion "1"]
[SourceVersionDate "2007.03.07"]
[SourceQuality "1"]

1. Nf3 Nc6 2. d4 d5 3. g3 Nf6 4. Bg2 Bf5 5. a3 e6 6. Bg5 Be7 7. 0-0 h6 8. Bxf6 Bxf6 9. Nbd2 Nxd4 10. Nxd4 Bxd4 11. c3 Bf6 12. Nf3 0-0 13. Nd4 Bxd4 14. Qxd4 Qd6 15. Rac1 c5 16. Qd2 c4 17. e4 Bg6 18. exd5 Rfd8 19. Rfd1 Bh5 20. Re1 exd5 21. Qd4 Qb6 22. Qxb6 axb6 23. Re5 Bg6 24. Bxd5 Ra5 25. Rd1 Kh7 26. b4 Rxa3 27. Re2 0-1